000 00604nam a22001937a 4500
005 20251108175423.0
008 250721s2014 xx 000 0 ara d
082 1 4 _a922.2/ناد
100 1 _aنادو، كريستيان
245 1 0 _aالمفردات و الأسلوب عند القديس أوغسطين /
264 1 _aدمشق :
_bالنايا للدراسات والنشر،
_c2014.
300 _a147 ص.
650 1 7 _aالتراجم
650 1 7 _aالقديسون
650 1 7 _aالمسيحية
700 1 _aنصر، شادي رباح
_eمترجم
942 _2ddc
_cBK
999 _c133708
_d133708